000 00920nam a2200289 i 4500
001 000032879
003 OSt
005 20251105110124.0
008 110801s1969 mx 000 0 spa d
040 _aDO-SdBNP
_bspa
_cDO-SdBNP
_erda
041 _aspa
082 4 _a378
_bH519u
_222
100 1 _aHenríquez Ureña, Pedro,
_d1884-1946
_eautor
_4aut.
_91718
245 1 0 _aUniversidad y educación /
_cPedro Henríquez Ureña.
264 4 _aMéxico :
_bUniversidad Autónoma de México,
_c©1969.
300 _a153 páginas ;
_c19 cm.
336 _atexto
_btxt
_2rdacontent
337 _asin mediación
_bn
_2rdamedia
338 _avolumen
_bnc
_2rdacarrier
490 0 _aLecturas universitarias
590 _aInventariado, 2019 / DG
650 0 _aUniversidades
_985564
651 0 _aAmérica Latina
_xCivilización
_916665
910 _aValidado. Control de calidad MFF
942 _2ddc
_cLBS1
956 _aVMateo
999 _c32370
_d32370